| 000 | 00922nac a22002537a 4500 | ||
|---|---|---|---|
| 001 | BR9401781 | ||
| 003 | BR-BrBNA | ||
| 005 | 20240105121438.0 | ||
| 008 | 230509b bl.|||m| |||| 00| 0 por d | ||
| 040 |
_aBR-BrBNA _bpor _cBiblioteca Nacional de Agricultura |
||
| 072 | _aF04; F08 | ||
| 090 | _a3855 BR9401781 | ||
| 110 | 1 |
_aCentro Nacional de Pesquisa de Soja, Londrina, PR (Brasil) _91793 |
|
| 111 | 1 |
_a2. Reuniao Centro-Sul de Adubacao Verde e Rotacao de Culturas _cLondrina, PR (Brazil) _d13-15 Jun 1989 |
|
| 245 | 1 | _a2. Reuniao Centro-Sul de Adubacao Verde e Rotacao de Culturas | |
| 260 | 3 |
_aLondrina, PR (Brasil): _c1990. |
|
| 300 | _a70 p. | ||
| 490 |
_aDocumentos - Centro Nacional de Pesquisa de Soja (Brazil) _vno. 45 _xISSN 0101-5494 |
||
| 500 | _aSummary only | ||
| 650 | _aAdubacao Verde | ||
| 650 | _aRotacao de Cultura | ||
| 909 |
_a202312 _bLúcia Elande _c55 _dLúcia Elande |
||
| 942 |
_2AGRIS _n0 _cMS |
||
| 999 |
_c285355 _d285355 |
||